Physica ex recentiorum Observationibus accommodata Usibus Academicis. Tomus II. /

Hlavní autor: Khell von Khellburg, Josef, 1714-1772
Jazyk: Latina
Vydáno: Viennae Austriae : in Officina Trattneriana, 1751
Témata:
Fyzický popis: 417, [15] s., XV tab. ; 4°
Knihy
Uloženo v:
LEADER 01068nam a22003017a 4500
001 mzk03001226327
003 CZ BrMZK
005 20160714072952.0
007 ta
008 050112s1751 au a fr|||||00| ||latod
040 |a BOA001  |b cze  |c BOA001 
072 7 |a 094  |x Staré tisky  |2 Konspekt  |9 12 
080 |a (0.068)094  |2 MRF 
100 1 |a Khell von Khellburg, Josef,  |d 1714-1772  |7 ola2007364176  |4 aut 
245 1 0 |a Physica ex recentiorum Observationibus accommodata Usibus Academicis.  |n Tomus II. /  |c A Josepho Khell, Societatis Jesu Sacerdote 
260 |a Viennae Austriae :  |b in Officina Trattneriana,  |c 1751 
300 |a 417, [15] s., XV tab. ;  |c 4° 
500 |a Výzdoba: Přílohy 
501 |a Přívazek k 1. dílu téhož titulu 
655 7 |a staré tisky  |7 fd422076  |2 czenas 
903 |a RP 
910 |a BOE452  |b Mn 
978 |b Trattner, Johann Thomas von  |a Wien  |c 1751 
984 |a Vídeň  |b Rakousko 
985 |a 1751-1800 
990 |a BK 
991 |k minorite 
994 |a UP  |l MZK03  |b 001226326  |m přívazek  |n záznam 1. díla (pro objednání pokračujte kliknutím)